000
00221 a2200097 4500
001
12828
100
_a
Jones W.P.
245
_a
Air Conditioning Engineering
260
_a
_b
Butter worth Heinemann
_c
090
_c
9809
_d
9809
942
_a
NUST-CAE
_c
M
_c
36721
999
_c
247901
_d
247901